000 00266nam a2200097Ia 4500
008 201216s9999 xx 000 0 und d
100 _aUlbrich, Holley
245 0 _aInternational Trade and Finance : Theory and Practice
260 _aLondon
_bPrentice Hall
300 _a379
999 _c6073
_d6073